00929pam a2200289 a 45000010005000000030006000050050017000110080041000280100017000690200022000860200016001080400023001240500013001470820012001601000033001722450057002052500048002622600035003103000048003455000071003935050007004645200076004715210019005475210018005666500033005846500022006174305FISKH20240717084352.0840905r19851909nyua j 000 1 eng  a 84021041  a0486248062 (pbk.) a05148800250 aDLCcDLCdDLCbeng aPZ7.P85  a823.9121 aPotter, Beatrix,d1866-1943.14aThe tale of the flopsy bunnies /cby Beatrix Potter. aThis paperback edition first published 1991 aLondon :bPenguin Group,c1909 a59 pages : bcolor illustrations ; c18 cm  aReprint. Originally published: London ; New York : F. Warne, 1909. aQ  aThe six Flopsy Bunnies have a narrow escape from Mr. McGregor's garden.8 a660 bLexile 8 aQ bRaz-Plus  0aChildren's stories, English. 1aRabbitsxFiction.